000 00663cam a2200205 a 4500
001 000008635
005 20200929161357.0
008 910615s1975 ec 000 0 spa
040 _aDO-SdBNP
_bspa
_cBNPHU
082 _aE863.44
_bP227t, 1975
100 1 _aPareja y Diezcanseco, Alfredo,
_d1908-
_923070
245 1 4 _aLas tres ratas :
_bnovela /
_cAlfredo Pareja Diezcanseco.
250 _a3a ed.
260 _aQuito :
_bLibresa,
_c1975.
300 _a294 p. ;
_c21 cm.
490 1 _aBásica de Escritores Ecuatorianos
_v2
650 4 _aNovela ecuatoriana
_95017
650 4 _aLiteratura ecuatoriana
_93938
830 0 _aBásica de Escritores Ecuatorianos,
_v2
_923071
999 _c8405
_d8405